Dutch football players in the Premier League 24/25 - Statistics

General Stats
  • This quiz has been taken 172 times
  • The average score is 14 of 20
Answer Stats
Hint Answer % Correct
Liverpool Virgil van Dijk
99%
Liverpool Cody Gakpo
94%
Tottenham Hotspur Micky van de Ven
94%
Manchester City Nathan Aké
87%
Liverpool Ryan Gravenberch
84%
Arsenal Jurriën Timber
83%
Manchester United Matthijs de Ligt
81%
Manchester United Joshua Zirkzee
73%
Brighton & Hove Albion Bart Verbruggen
71%
Bournemouth Justin Kluivert
67%
Newcastle United Sven Botman
67%
Brighton & Hove Albion Jan Paul van Hecke
62%
Brighton & Hove Albion Joël Veltman
59%
Brentford Mark Flekken
59%
Aston Villa Ian Maatsen
56%
Manchester United Tyrell Malacia
56%
Fulham Kenny Tete
51%
West Ham United Crysencio Summerville
50%
Brighton & Hove Albion Mats Wieffer
49%
Brentford Sepp van den Berg
42%
No matching quizzes found
Score Distribution
Percent of People with Each Score
Percentile by Number Answered
Your Score History
You have not taken this quiz